000 00500nam a2200205Ia 4500
001 13528
003 GE_BSU
008 181216s||||||||xx |||||||||||||| ||und||
040 _cGE_BSU
080 _a94(410)
100 _aBingham,Karoline
245 4 _aThe Life and Times of Edvard II
245 _cIntroduction by Antonia Fraser
260 _aLondon
260 _bBook club Associates
260 _c1973
300 _a224p.ill. 26cm.
653 _aThe Life and Times of George V.
942 _cBK
999 _c46687
_d46687